Superbohaterowie Marvela - Statystyki

Ogólne statystyki
  • Ten quiz został rozwiązany 2 547 razy
    2 435 od ostatniego zresetowania
  • Średni wynik to 14 z 36
Statystyki odpowiedzi
Opis Alter Ego Odpowiedź % Poprawnych
Ukąszenie radioaktywnego pająka dało mu szósty zmysł i zdolność strzelania pajęczynami Peter Parker Spider-Man
100%
Używa futurystycznego kostiumu do walki z przestępczością; ekscentryczny playboy i miliarder Tony Stark Iron Man
91%
Ciało ulepszone dzięki zastrzykowi specjalnego serum podczas II wojny światowej Steve Rogers Kapitan Ameryka
88%
Jego potężny młot, Mjolnir, daje mu władzę nad piorunami i błyskawicami Donald Blake Thor
88%
Łagodny fizyk, który w złości zamienia się w zielonego, wściekłego potwora Bruce Banner Hulk
87%
Kości pokryte są adamantium; ma pazury, właściwości lecznicze James "Logan" Howlett Wolverine
76%
Król afrykańskiego kraju Wakanda; jest pokryty wibranium, kocią zwinność i zmysły T'Challa Czarna Pantera
72%
Agent T.A.R.C.Z.Y. o szczytowych ludzkich cechach fizycznych Natalia Romanova Czarna Wdowa
61%
Nadludzki wzrok i umiejętność posługiwania się łukiem i strzałami Clint Barton Hawkeye
55%
Zabójca o zwiększonej zwinności, zdolności leczenia i umiejętności posługiwania się bronią palną; „lekko” psychotyczny Wade Wilson Deadpool
52%
Najwyższy Czarodziej, najpotężniejszy czarodziej na Ziemi Stephen Strange Dr. Strange
49%
Motocyklista, który stał się Duchem Zemsty po demonicznym pakcie Johnny Blaze Ghost Rider
40%
Szef T.A.R.C.Z.Y. Nie posiadał żadnych mocy oprócz opierania się starzeniu b. d. Nick Fury
40%
Możliwość kontrolowania pogody Ororo Munroe Storm
39%
Pół-człowiek, pół-wampir; poluje na wampiry mieczami Eric Brooks Blade
38%
Adwokat w dzień; Niewidomy, ale z wyostrzonymi zmysłami Matthew Murdock Daredevil
38%
Posiada nadludzkie moce, które otrzymała od Kree Carol Danvers Kapitan Marvel
32%
Duże, muskularne ciało pokryte niebieskim futrem; genialny intelekt Henry McCoy Beast
31%
Zdolność do pokrywania ciała płomieniami Johnny Storm Human Torch
28%
Posiada zdolność do rozciągania ciała do niewiarygodnych wygięć; genialny naukowiec Reed Richards Pan Fantastyczny
27%
Potrafi zamienić swoje ciało w lód i strzelać lodowymi wiązkami i kolcami Bobby Drake Iceman
26%
Herold Galactusa, obecnie bohater. Często widziany na desce surfingowej Norrin Radd Srebrny surfer
23%
Obdarzony mocami przez egipskiego boga, Khonfy Marc Spector Moon Knight
22%
Twarda jak skała skóra i super siła; doświadczony pilot Ben Grimm The Thing
21%
Potrafi strzelać laserami ze zmutowanych oczu Scott Summers Cyclops
20%
Moce psycho-telepatyczne; w jej wnętrzu mieszka ukryty byt zwany Feniksem b. d. Jean Grey
19%
Król Atlantydy; członek wielu drużyn superbohaterów b. d. Namor, Sub-Mariner
18%
Ciało może przekształcić się w substancję przypominającą stal Piotr Rasputin Colossus
16%
Zabójczyni, która stała się bohaterką; romantycznie związana z Matthew Murdoc b. d. Elektra
16%
Mutant z umiejętnością przemieszczania się za pomocą kłębka niebieskiego dymu Kurt Wagner Nightcrawler
16%
Mutant z pierzastymi skrzydłami na plecach Warren Worthington III Angel
15%
Nasycony mocą chi; szczytowa fizyczna doskonałość Daniel Rand Iron Fist
15%
Posiada zdolność do stawania się niewidzialnym i tworzenia pól siłowych Susan Storm Niewidzialna Kobieta
15%
Możliwość kradzieży mocy innym mutantom jednym dotknięciem Anna Marie Rogue
10%
Ma twardą skórę jak stal; był najemnym bohaterem na ulicach, ale potem stał się normalnym bohaterem dostępnym za darmo b. d. Luke Cage
9%
Potrafi generować bioelektryczne wybuchy i ma szósty zmysł pozwalający mu lokalizować niebezpieczeństwo Jessica Drew Spider-Woman
6%
Nie znaleziono quizów pasujących do podanych kryteriów
Rozkład punktacji
Procent ludzi z każdym wynikiem
Percentyl według liczby udzielonych odpowiedzi
Twoja historia wyników
Nie rozwiązałeś tego quizu od ostatniego zresetowania